|
|
|
|
| LEADER |
01390nam a2200373Ia 4500 |
| 001 |
EBC3340010 |
| 003 |
MiAaPQ |
| 005 |
20200520144314.0 |
| 006 |
m o d | |
| 007 |
cr cn||||||||| |
| 008 |
060412s2005 maua sb 000 0 eng d |
| 010 |
|
|
|z 90171341
|
| 020 |
|
|
|z 9780976404101
|
| 020 |
|
|
|z 0976404109 (Cloth)
|
| 035 |
|
|
|a (MiAaPQ)EBC3340010
|
| 035 |
|
|
|a (Au-PeEL)EBL3340010
|
| 035 |
|
|
|a (CaPaEBR)ebr10172610
|
| 035 |
|
|
|a (CaONFJC)MIL90288
|
| 035 |
|
|
|a (OCoLC)923251728
|
| 040 |
|
|
|a MiAaPQ
|c MiAaPQ
|d MiAaPQ
|
| 050 |
|
4 |
|a HF5387
|b .B87 2005
|
| 245 |
0 |
0 |
|a Business and religion
|h [electronic resource] :
|b a clash of civilizations? /
|c edited by Nicholas Capaldi.
|
| 260 |
|
|
|a Salem, MA :
|b M & M Scrivener,
|c c2005.
|
| 300 |
|
|
|a vi, 442 p. :
|b ill.
|
| 490 |
1 |
|
|a Conflicts and trends in business ethics
|
| 504 |
|
|
|a Includes bibliographical references.
|
| 533 |
|
|
|a Electronic reproduction. Ann Arbor, MI : ProQuest, 2015. Available via World Wide Web. Access may be limited to ProQuest affiliated libraries.
|
| 650 |
|
0 |
|a Business ethics
|x Religious aspects.
|
| 650 |
|
0 |
|a Business
|x Religious aspects.
|
| 655 |
|
4 |
|a Electronic books.
|
| 700 |
1 |
|
|a Capaldi, Nicholas.
|
| 710 |
2 |
|
|a ProQuest (Firm)
|
| 830 |
|
0 |
|a Conflicts and trends in business ethics.
|
| 856 |
4 |
0 |
|u https://ebookcentral.proquest.com/lib/matrademy/detail.action?docID=3340010
|z Click to View
|